[Event "34th Chess Olympiad (men)"]
[Site "Istanbul"]
[Date "2000.11.05"]
[Round "8.9.2"]
[White "Sakalauskas, Vaidas"]
[Black "Vallejo, Pons Francisco"]
[WhiteElo "2420"]
[BlackElo "2554"]
[WhiteCountry "LTU"]
[BlackCountry "ESP"]
[Result "0-1"]

1. d4 e6 2. c4 d5 3. Nc3 c6 4. e3 Nf6 5. Nf3 Nbd7 6. Bd3 dxc4 7. Bxc4 b5 
8. Bd3 Bb7 9. O-O a6 10. e4 c5 11. e5 cxd4 12. Nxb5 Bxf3 13. Qxf3 Nd5 
14. Nxd4 Nxe5 15. Qe2 Nxd3 16. Qxd3 Bc5 17. Qc4 Rc8 18. Qxa6 O-O 19. Nb3 Bd6 
20. Qe2 Qf6 21. Be3 Be5 22. Rab1 Nxe3 23. fxe3 Qh4 24. g3 Qa4 25. Ra1 h5 
26. Rf2 h4 27. gxh4 Qxh4 28. Nc1 Bb8 29. Nd3 Ba7 30. Rg2 Qe4 31. Re1 Rfd8 
32. Nf2 Qa4 33. Qg4 Qxg4 34. Nxg4 f5 35. Nf6+ Kf7 36. Nh5 g6 37. Nf4 Rc4 
38. Nxg6 Re4 39. Kh1 Rxe3 40. Rc1 Bb8 41. Rcg1 Rh3 42. Rf1 Rd4 43. Re1 f4 
44. Reg1 f3 45. Rc2 e5 46. Rc8 Rd2 47. Nh8+ Ke6 48. Rg6+ Kd7 49. Rxb8 Rhxh2+ 
0-1

[Event "34th Chess Olympiad (men)"]
[Site "Istanbul"]
[Date "2000.11.05"]
[Round "8.9.3"]
[White "Moreno, Javier"]
[Black "Butnorius, Algimantas"]
[WhiteElo "2515"]
[BlackElo "2434"]
[WhiteCountry "ESP"]
[BlackCountry "LTU"]
[Result "1-0"]

1. e4 e5 2. Nf3 Nc6 3. Bb5 a6 4. Ba4 Nf6 5. O-O Be7 6. Re1 b5 7. Bb3 d6 
8. c3 O-O 9. h3 h6 10. d4 Re8 11. Nbd2 Bf8 12. Nf1 Bd7 13. Ng3 Na5 14. Bc2 c5 
15. b3 Nc6 16. d5 Ne7 17. Be3 Nc8 18. a4 Nb6 19. a5 Nc8 20. b4 c4 21. Qd2 Kh8 
22. Rad1 Ng8 23. Rf1 Nce7 24. Bb6 Qc8 25. Nh4 Ng6 26. Nxg6+ fxg6 27. f4 Nf6 
28. fxe5 dxe5 29. Rf2 Kh7 30. Rdf1 Be7 31. Qe3 Rf8 32. Ne2 Qb7 33. Qg3 Bd6 
34. Bc5 Qc7 35. Qe3 Rac8 36. Bxd6 Qxd6 37. Kh1 Rc7 38. Ng1 Bc8 39. Nf3 Rcf7 
40. Qc5 Qb8 41. Qe3 Qd6 42. Kg1 Qe7 43. Qc5 Qe8 44. Qd6 Re7 45. Nh4 Rd7 
46. Qb6 Qe7 47. Qe3 Rd6 48. Bd1 Bd7 49. Nf3 Bc8 50. Bc2 Bd7 51. Qa7 Rf7 
52. Qc5 Be8 53. Nh2 Bd7 54. Bd1 Rf8 55. Qa7 Rf7 56. Qe3 Bc8 57. Be2 Rf8 
58. Nf3 Rfd8 59. Nd2 Rf8 60. Qc5 Rfd8 61. Qe3 g5 62. Bd1 Kg8 63. Qc5 Kh8 
64. Be2 Kh7 65. Qe3 Kg8 66. Rb1 Qe8 67. Qg3 Qe7 68. Re1 R6d7 69. Bg4 
1-0

[Event "34th Chess Olympiad (men)"]
[Site "Istanbul"]
[Date "2000.11.05"]
[Round "8.9.4"]
[White "Labuckas, Aidas"]
[Black "Gomez Esteban, Mario"]
[WhiteElo "2318"]
[BlackElo "2505"]
[WhiteCountry "LTU"]
[BlackCountry "ESP"]
[Result "1/2-1/2"]

1. c4 e5 2. Nc3 Nf6 3. Nf3 Nc6 4. d3 d5 5. cxd5 Nxd5 6. e4 Nb6 7. Be3 Bg4 
8. Be2 Bxf3 9. Bxf3 Nd4 10. Bg4 Be7 11. O-O O-O 12. Ne2 Nxe2+ 13. Qxe2 c6 
14. Rad1 Bf6 15. Kh1 Re8 16. Qc2 Nc8 17. Qb3 Nd6 18. a4 Qe7 19. g3 b6 
20. Bh3 c5 21. Bg2 Nb7 22. f4 Na5 23. Qc2 Nc6 24. Qc4 Na5 25. Qc2 Nc6 
26. Qc4 Na5 
1/2-1/2

[Event "34th Chess Olympiad (men)"]
[Site "Istanbul"]
[Date "2000.11.05"]
[Round "8.10.1"]
[White "Damljanovic, Branko"]
[Black "Marin, Mihail"]
[WhiteElo "2559"]
[BlackElo "2557"]
[WhiteCountry "YUG"]
[BlackCountry "ROM"]
[Result "0-1"]

1. Nf3 Nf6 2. g3 b6 3. Bg2 Bb7 4. d4 c5 5. dxc5 bxc5 6. O-O g6 7. c4 Bg7 
8. Nc3 O-O 9. Be3 Ne4 10. Na4 Qc7 11. Qc2 d6 12. Rad1 Nd7 13. Ne1 Nef6 
14. b3 Nb6 15. Nc3 Rac8 16. Qc1 Rfd8 17. Bh3 Qc6 18. f3 e6 19. Nd3 a6 
20. Bf2 Nfd7 21. Bg2 d5 22. f4 Qc7 23. cxd5 exd5 24. f5 d4 25. Bxb7 Qxb7 
26. Nb1 Re8 27. Rde1 Nd5 28. fxg6 hxg6 29. Qg5 N7f6 30. Nf4 Nb4 31. Nd2 Nxa2 
32. Nc4 Ne4 33. Qd5 Qc7 34. Nb2 Nb4 35. Qc4 Nd2 
0-1

[Event "34th Chess Olympiad (men)"]
[Site "Istanbul"]
[Date "2000.11.05"]
[Round "8.10.2"]
[White "Rogozenko, Dorian"]
[Black "Ivanisevic, Ivan"]
[WhiteElo "2531"]
[BlackElo "2530"]
[WhiteCountry "ROM"]
[BlackCountry "YUG"]
[Result "1-0"]

1. d4 Nf6 2. c4 g6 3. Nc3 Bg7 4. e4 d6 5. Be2 O-O 6. Bg5 Na6 7. h4 c5 8. d5 h6 
9. Bf4 Re8 10. Qd2 h5 11. Nh3 Nc7 12. f3 a6 13. a4 e6 14. Ng5 exd5 15. cxd5 Rb8 
16. Rb1 b5 17. axb5 axb5 18. b4 c4 19. O-O Re7 20. Ra1 Nfe8 21. Kh2 Bxc3 
22. Qxc3 f6 23. Ne6 Bxe6 24. dxe6 Nxe6 25. Bg3 Rbb7 26. f4 d5 27. exd5 N6c7 
28. Bf3 Nxd5 29. Qd4 Rbd7 30. Qc5 Ne3 31. Rfe1 Rd3 32. Bf2 Ng4+ 33. Bxg4 Rxe1 
34. Rxe1 hxg4 35. h5 Nd6 36. hxg6 Qd7 37. Qh5 c3 38. Ra1 Ne8 39. Ra8 g3+ 
40. Bxg3 Re3 41. Bf2 Re7 42. Bc5 Re1 43. Ra7 Nc7 44. Qh7+ Qxh7+ 45. gxh7+ Kh8 
46. Rxc7 c2 47. Bd4 
1-0

[Event "34th Chess Olympiad (men)"]
[Site "Istanbul"]
[Date "2000.11.05"]
[Round "8.10.3"]
[White "Kovacevic, Aleksandar"]
[Black "Grigore, George"]
[WhiteElo "2513"]
[BlackElo "2508"]
[WhiteCountry "YUG"]
[BlackCountry "ROM"]
[Result "1/2-1/2"]

1. e4 c5 2. Nf3 Nc6 3. d4 cxd4 4. Nxd4 e5 5. Nb5 d6 6. c4 Be7 7. N1c3 a6 
8. Na3 Be6 9. Nc2 Bg5 10. Be2 Bxc1 11. Rxc1 Nf6 12. O-O O-O 13. Qd2 Qb6 
14. Rfd1 Rfd8 15. b3 Rac8 16. Bf3 Qa7 
1/2-1/2

[Event "34th Chess Olympiad (men)"]
[Site "Istanbul"]
[Date "2000.11.05"]
[Round "8.10.4"]
[White "Ionescu, Constantin"]
[Black "Vuckovic, Bojan"]
[WhiteElo "2492"]
[BlackElo "2444"]
[WhiteCountry "ROM"]
[BlackCountry "YUG"]
[Result "1-0"]

1. Nf3 Nf6 2. c4 c5 3. Nc3 e6 4. g3 b6 5. Bg2 Bb7 6. O-O d6 7. Re1 Be7 
8. e4 Nbd7 9. d4 cxd4 10. Nxd4 Qc7 11. Ndb5 Qb8 12. Be3 O-O 13. Rc1 a6 
14. Nd4 Qa7 15. f4 Rac8 16. b3 Qa8 17. Bf2 Rfe8 18. Bf3 Nf8 19. f5 N6d7 
20. fxe6 fxe6 21. Bh5 g6 22. Bg4 Bf6 23. Bh3 Bg7 24. Nf3 Nc5 25. Bd4 Bxd4+ 
26. Qxd4 Rcd8 27. Rc2 e5 28. Qe3 Qb8 29. b4 Ncd7 30. Nd5 Bxd5 31. cxd5 Rc8 
32. Rc6 Rxc6 33. dxc6 Nf6 34. a4 Qc7 35. b5 axb5 36. axb5 Ra8 37. Nd2 Ne8 
38. Nc4 Rb8 39. Ra1 Qf7 40. Nxb6 Ne6 41. Rf1 
1-0

[Event "34th Chess Olympiad (men)"]
[Site "Istanbul"]
[Date "2000.11.05"]
[Round "8.11.1"]
[White "Arencibia, Walter"]
[Black "Ye, Jiangchuan"]
[WhiteElo "2513"]
[BlackElo "2670"]
[WhiteCountry "CUB"]
[BlackCountry "CHN"]
[Result "1-0"]

1. d4 Nf6 2. c4 g6 3. Nc3 Bg7 4. e4 d6 5. f4 O-O 6. Nf3 Na6 7. Be2 e5 
8. fxe5 dxe5 9. d5 c6 10. O-O cxd5 11. cxd5 Bd7 12. Nxe5 Nxe4 13. Nxd7 Nxc3 
14. bxc3 Qxd7 15. Ba3 Rfd8 16. Bxa6 bxa6 17. c4 Bxa1 18. Qxa1 Qa4 19. Qc3 Rab8 
20. Be7 Rd7 21. Qf6 Rxe7 22. Qxe7 Rf8 23. Qc7 Qxa2 24. d6 Qd2 25. c5 a5 
26. d7 Qd4+ 27. Kh1 a4 28. h3 a3 29. Rxf7 Ra8 30. Re7 Kf8 31. Rxh7 Kg8 
32. d8=Q+ 
1-0

[Event "34th Chess Olympiad (men)"]
[Site "Istanbul"]
[Date "2000.11.05"]
[Round "8.11.3"]
[White "Dominguez, Lenier"]
[Black "Peng, Xiaomin"]
[WhiteElo "2534"]
[BlackElo "2657"]
[WhiteCountry "CUB"]
[BlackCountry "CHN"]
[Result "0-1"]

1. e4 e5 2. Nf3 Nc6 3. Bb5 a6 4. Ba4 Nf6 5. O-O Be7 6. Re1 b5 7. Bb3 O-O 
8. h3 d6 9. c3 Re8 10. d4 h6 11. Nbd2 Bf8 12. Nf1 Bb7 13. Ng3 Na5 14. Bc2 Nc4 
15. b3 Nb6 16. a4 bxa4 17. bxa4 a5 18. Bd3 Ba6 19. Bxa6 Rxa6 20. d5 c6 
21. Qd3 Qc8 22. dxc6 Na8 23. Be3 Rxc6 24. Rec1 Nb6 25. Bxb6 Rxb6 26. Nd2 Qc5 
27. Rcb1 Reb8 28. Ne2 d5 29. Rxb6 Rxb6 30. exd5 Nxd5 31. Rd1 Nf6 32. Nc4 Rb8 
33. Ne3 Qc6 34. Qc4 Bc5 35. Ng3 g6 36. Kh2 Rc8 37. Nd5 Nxd5 38. Rxd5 Bb6 
39. Qd3 Qxc3 40. Qxc3 Rxc3 41. Rxe5 Ra3 42. Re8+ Kg7 43. Ne4 Rxa4 44. f3 Bc7+ 
45. Kg1 Ra1+ 46. Kf2 Ra2+ 47. Kf1 a4 48. Ra8 a3 49. Nc3 Ra1+ 50. Kf2 Bd6 
51. Ra4 Rc1 52. Ne2 Bc5+ 53. Kg3 Rc2 54. Nd4 Rd2 55. Nb5 a2 56. h4 Rc2 
0-1

[Event "34th Chess Olympiad (men)"]
[Site "Istanbul"]
[Date "2000.11.05"]
[Round "8.11.4"]
[White "Ni, Hua"]
[Black "Perez, Rodney"]
[WhiteElo "2490"]
[BlackElo "2478"]
[WhiteCountry "CHN"]
[BlackCountry "CUB"]
[Result "1/2-1/2"]

1. e4 e5 2. Nf3 Nf6 3. Nxe5 d6 4. Nf3 Nxe4 5. d4 d5 6. Bd3 Be7 7. O-O Bf5 
8. c4 dxc4 9. Bxc4 O-O 10. Nc3 Nc6 11. Re1 Nd6 12. Bb3 Bg4 13. d5 Bxf3 
14. Qxf3 Nd4 15. Qd1 Nxb3 16. Qxb3 Bf6 17. Bf4 Qd7 18. Bxd6 cxd6 19. Ne4 Be5 
20. g3 Rfe8 21. Re2 Re7 22. Rae1 Rae8 23. Kg2 h6 24. Qb4 f5 25. Nd2 Bf6 
26. Rxe7 Rxe7 27. Rxe7 Qxe7 28. b3 Qe1 29. Qf4 Bg5 30. Nf3 Bxf4 31. Nxe1 Be5 
32. Kf3 Kf7 33. Ke3 g5 34. h3 h5 35. f4 Bc3 36. Nd3 g4 37. hxg4 hxg4 38. a4 a6 
39. Ke2 Ke7 40. Ne1 
1/2-1/2

[Event "34th Chess Olympiad (men)"]
[Site "Istanbul"]
[Date "2000.11.05"]
[Round "8.12.1"]
[White "Movsesian, Sergei"]
[Black "Nikolic, Predrag"]
[WhiteElo "2666"]
[BlackElo "2657"]
[WhiteCountry "CZE"]
[BlackCountry "BIH"]
[Result "0-1"]

1. e4 e6 2. d4 d5 3. e5 c5 4. c3 Nc6 5. Nf3 Bd7 6. Be2 Nge7 7. Na3 Ng6 
8. h4 cxd4 9. cxd4 Bb4+ 10. Kf1 h6 11. Nc2 Be7 12. h5 Nf8 13. Rh3 Nh7 
14. Bd3 O-O 15. Rg3 Kh8 16. Bf4 f5 17. exf6 Nxf6 18. Ne5 Nxe5 19. Bxe5 Be8 
20. Rh3 Bd6 21. Ne1 Bxe5 22. dxe5 Ne4 23. Nf3 Rf5 24. Qe2 Rxh5 25. Rxh5 Bxh5 
26. Bxe4 dxe4 27. Qxe4 Qb6 28. g4 Be8 29. Qf4 Qxb2 30. Re1 Kg8 31. g5 h5 
32. Nh4 Qxa2 33. Kg1 Qa4 34. Re4 Qd1+ 35. Kh2 Bc6 36. Ng6 Re8 37. Rd4 Qc2 
38. Nh8 Kxh8 39. Qf7 Qf5 
0-1

[Event "34th Chess Olympiad (men)"]
[Site "Istanbul"]
[Date "2000.11.05"]
[Round "8.12.3"]
[White "Babula, Vlastimil"]
[Black "Kurajica, Bojan"]
[WhiteElo "2582"]
[BlackElo "2534"]
[WhiteCountry "CZE"]
[BlackCountry "BIH"]
[Result "0-1"]

1. d4 Nf6 2. c4 e6 3. Nc3 Bb4 4. e3 O-O 5. Bd3 d6 6. Nge2 c5 7. O-O Nc6 
8. dxc5 Ne5 9. a3 Bxc5 10. b4 Bb6 11. Bb2 Nfg4 12. Nf4 Qh4 13. h3 Nxf2 
14. Qe1 Qxf4 
0-1

[Event "34th Chess Olympiad (men)"]
[Site "Istanbul"]
[Date "2000.11.05"]
[Round "8.12.4"]
[White "Dizdarevic, Emir"]
[Black "Oral, Tomas"]
[WhiteElo "2527"]
[BlackElo "2531"]
[WhiteCountry "BIH"]
[BlackCountry "CZE"]
[Result "1/2-1/2"]

1. Nf3 c5 2. c4 Nc6 3. Nc3 e5 4. g3 g6 5. Bg2 Bg7 6. O-O Nge7 7. a3 O-O 
8. Rb1 a5 9. Ne1 d6 10. Nc2 Be6 11. Ne3 Qd7 12. Ned5 Rab8 13. d3 b6 14. Qa4 Bh3 
15. b4 axb4 16. Bxh3 Qxh3 17. Nxe7+ Nxe7 18. axb4 Nf5 19. Re1 Nd4 20. Be3 Ra8 
21. Qd1 f5 22. Nd5 f4 23. Bxd4 cxd4 24. gxf4 Bh6 25. f3 Bxf4 26. Nxf4 exf4 
27. Kh1 Ra3 28. Qc1 Rxd3 29. Qb2 Rc3 30. Rbc1 Rxc1 31. Rxc1 Re8 32. Qxd4 Rxe2 
33. Qd5+ Kg7 34. Qd4+ Kg8 35. Qd5+ Kg7 36. Qd4+ Re5 37. Qxf4 Rf5 38. Qg4 Qh6 
39. Qd4+ Kf7 40. Rd1 Qh3 41. Qg4 Qxg4 42. fxg4 Rf4 
1/2-1/2

[Event "34th Chess Olympiad (men)"]
[Site "Istanbul"]
[Date "2000.11.05"]
[Round "8.13.3"]
[White "Safin, Shukhrat"]
[Black "Barua, Dibyendu"]
[WhiteElo "2518"]
[BlackElo "2502"]
[WhiteCountry "UZB"]
[BlackCountry "IND"]
[Result "1/2-1/2"]

1. d4 d5 2. c4 e6 3. Nf3 Nf6 4. Nc3 c6 5. e3 Nbd7 6. Bd3 Bd6 7. e4 dxe4 
8. Nxe4 Nxe4 9. Bxe4 h6 10. O-O O-O 11. Bc2 e5 12. Re1 Bb4 13. Bd2 Bxd2 
14. Qxd2 exd4 15. Qxd4 Qb6 16. Qc3 c5 17. Rad1 Nf6 18. Qe5 Bd7 19. Rd6 Qa5 
20. Red1 Rfe8 21. Qf4 Be6 22. a3 Rad8 23. b4 cxb4 24. axb4 Qc7 25. c5 Rxd6 
26. Rxd6 a5 27. h3 axb4 28. Qxb4 Nd5 29. Qd4 Ne7 30. Qe5 Qc8 31. Nd4 Bd7 
32. Bb3 Nf5 33. Bxf7+ Kxf7 34. Qd5+ Ke7 35. Rxd7+ Qxd7 36. Nxf5+ Kd8 
37. Nd6 Re1+ 38. Kh2 Qe6 39. Nxb7+ Kc7 40. Qxe6 Rxe6 41. Nd6 Re5 
1/2-1/2

[Event "34th Chess Olympiad (men)"]
[Site "Istanbul"]
[Date "2000.11.05"]
[Round "8.13.4"]
[White "Ganguly, Surya Shekhar"]
[Black "Dzhumaev, Marat"]
[WhiteElo "2498"]
[BlackElo "2495"]
[WhiteCountry "IND"]
[BlackCountry "UZB"]
[Result "0-1"]

1. e4 g6 2. d4 Bg7 3. Nc3 d6 4. Be3 c6 5. Qd2 b5 6. Bd3 Nd7 7. Nf3 Qc7 
8. O-O Ngf6 9. a4 b4 10. Ne2 Rb8 11. Bh6 O-O 12. Ng3 e5 13. c3 bxc3 
14. bxc3 Re8 15. Bxg7 Kxg7 16. Qg5 Nf8 17. Rad1 h6 18. Qe3 Ne6 19. Ne2 Qa5 
20. Nd2 Ba6 21. Bxa6 Qxa6 22. f4 exf4 23. Nxf4 Ng5 24. Qf2 Rb2 25. Ne2 Ng4 
26. Qg3 Qxe2 27. Rfe1 Rxd2 
0-1

[Event "34th Chess Olympiad (men)"]
[Site "Istanbul"]
[Date "2000.11.05"]
[Round "8.14.2"]
[White "Vladimirov, Evgeny"]
[Black "Rytshagov, Mikhail"]
[WhiteElo "2598"]
[BlackElo "2529"]
[WhiteCountry "KAZ"]
[BlackCountry "EST"]
[Result "1/2-1/2"]

1. Nf3 c5 2. g3 Nc6 3. d4 cxd4 4. Nxd4 g6 5. Bg2 Bg7 6. Nb3 Nf6 7. e4 O-O 
8. O-O d6 9. h3 Be6 10. Nc3 a5 11. Be3 a4 12. Nd4 Nxd4 13. Bxd4 a3 14. b3 Qa5 
15. Ne2 Bd7 16. f4 e5 17. Bf2 Bc6 18. Be1 Qc5+ 19. Bf2 Qa5 20. Be1 Qb6+ 21. Bf2 
1/2-1/2

[Event "34th Chess Olympiad (men)"]
[Site "Istanbul"]
[Date "2000.11.05"]
[Round "8.14.3"]
[White "Kulaots, Kaido"]
[Black "Sadvakasov, Darmen"]
[WhiteElo "2491"]
[BlackElo "2509"]
[WhiteCountry "EST"]
[BlackCountry "KAZ"]
[Result "1-0"]

1. e4 c5 2. Nf3 d6 3. d4 cxd4 4. Nxd4 Nf6 5. Nc3 a6 6. Be2 e5 7. Nb3 Be7 
8. Be3 Be6 9. Nd5 Nxd5 10. exd5 Bf5 11. Qd2 Nd7 12. Na5 Qc8 13. c4 O-O 
14. O-O Bf6 15. b4 e4 16. Rac1 Ne5 17. c5 Bg4 18. Nc4 dxc5 19. Bxc5 Nxc4 
20. Rxc4 Re8 21. Be7 Qd7 22. Bxf6 gxf6 23. Bxg4 Qxg4 24. f3 Qg6 25. fxe4 Rxe4 
26. Rxe4 Qxe4 27. d6 Rd8 28. d7 Qg4 29. Rd1 Kg7 30. Qd6 Qe2 31. h3 Qxa2 
32. Qe7 Qa4 33. Rd3 Qa1+ 34. Kh2 Qe5+ 35. Rg3+ 
1-0

[Event "34th Chess Olympiad (men)"]
[Site "Istanbul"]
[Date "2000.11.05"]
[Round "8.14.4"]
[White "Kazhgaleyev, Murtas"]
[Black "Sepp, Olav"]
[WhiteElo "2526"]
[BlackElo "2439"]
[WhiteCountry "KAZ"]
[BlackCountry "EST"]
[Result "1/2-1/2"]

1. d4 Nf6 2. c4 g6 3. Nc3 Bg7 4. e4 d6 5. f4 O-O 6. Nf3 c5 7. dxc5 Qa5 
8. Bd3 Qxc5 9. Qe2 Bg4 10. Be3 Qa5 11. O-O Nc6 12. Rac1 Nd7 13. Qf2 Nc5 
14. Bb1 Na4 15. Nd1 Nc5 16. Nc3 Na4 17. Nxa4 Qxa4 18. Rfd1 Rfc8 19. b3 Qa3 
20. c5 Bxf3 21. gxf3 dxc5 22. Bxc5 Qb2 23. Qxb2 Bxb2 24. Rc2 Bg7 25. Kf2 Kf8 
26. f5 Rd8 27. Rcd2 Rxd2+ 28. Rxd2 Ke8 29. f4 Rc8 30. Be3 Bc3 31. Rd1 Rd8 
32. Rxd8+ Kxd8 33. e5 Nd4 34. e6 Ke8 35. exf7+ Kxf7 36. fxg6+ hxg6 37. Be4 b6 
38. Bc1 Kf6 39. Ke3 Ne6 40. Bc2 Nc5 41. Kf3 e6 42. Be3 Na6 43. Bf2 Nb4 
44. Bb1 Nd5 45. a4 Kf7 46. Be4 Bd2 47. Bg3 Nf6 48. Bd3 
1/2-1/2

[Event "34th Chess Olympiad (men)"]
[Site "Istanbul"]
[Date "2000.11.05"]
[Round "8.15.1"]
[White "Hansen, Curt"]
[Black "Godena, Michele"]
[WhiteElo "2613"]
[BlackElo "2485"]
[WhiteCountry "DEN"]
[BlackCountry "ITA"]
[Result "1/2-1/2"]

1. c4 e6 2. Nf3 d5 3. d4 c6 4. Qc2 Nf6 5. g3 dxc4 6. Qxc4 b5 7. Qc2 Bb7 
8. Bg2 Nbd7 9. Nc3 a6 10. O-O c5 11. Bg5 Rc8 12. dxc5 Bxc5 13. Rad1 Qb6 
14. Qb1 h6 15. Bxf6 Nxf6 16. Nd2 Bxg2 17. Kxg2 O-O 18. Nce4 Nxe4 19. Nxe4 Rfd8 
20. Rxd8+ Rxd8 21. Nxc5 Qxc5 
1/2-1/2

[Event "34th Chess Olympiad (men)"]
[Site "Istanbul"]
[Date "2000.11.05"]
[Round "8.15.3"]
[White "Hansen, Lars"]
[Black "Arlandi, Ennio"]
[WhiteElo "2562"]
[BlackElo "2437"]
[WhiteCountry "DEN"]
[BlackCountry "ITA"]
[Result "1-0"]

1. Nf3 Nf6 2. g3 d5 3. Bg2 e6 4. c4 Be7 5. d4 O-O 6. O-O dxc4 7. Qc2 a6 
8. Qxc4 b5 9. Qc2 Bb7 10. Bg5 Nbd7 11. Bxf6 Nxf6 12. Nbd2 Rc8 13. Nb3 c5 
14. dxc5 Be4 15. Qc3 Nd7 16. Rfd1 Qc7 17. Rac1 Nxc5 18. Qe3 Bd5 19. Ne5 Bxg2 
20. Kxg2 Qb7+ 21. f3 Nxb3 22. Qxb3 Rxc1 23. Rxc1 Rc8 24. Qe3 Rxc1 25. Qxc1 Bd6 
26. Nd3 a5 27. b3 h6 28. Qc3 a4 29. Qa5 Qc6 30. Qd2 axb3 31. axb3 f5 
32. Nf2 Bc5 33. Qc3 Qd5 34. Nd3 Bd4 35. Qc8+ Kh7 36. Nf4 Qxb3 37. Nxe6 Qc3 
38. Qd7 Be5 39. Nf8+ Kg8 40. Ng6 Bf6 41. Qe8+ Kh7 42. h4 Qc4 43. h5 Qg8 
44. Qxb5 Qc8 45. Qd3 Kg8 46. Nf4 Bg5 47. Qd5+ Kh7 48. Ne6 Qc2 49. Nd4 Qd2 
50. Qxf5+ Kh8 51. Qc8+ Kh7 52. Qc2+ 
1-0

[Event "34th Chess Olympiad (men)"]
[Site "Istanbul"]
[Date "2000.11.05"]
[Round "8.15.4"]
[White "Belotti, Bruno"]
[Black "Schandorff, Lars"]
[WhiteElo "2417"]
[BlackElo "2520"]
[WhiteCountry "ITA"]
[BlackCountry "DEN"]
[Result "0-1"]

1. e4 c5 2. Nf3 d6 3. d4 cxd4 4. Nxd4 Nf6 5. Nc3 a6 6. f4 g6 7. Nf3 Bg7 
8. e5 Nh5 9. Bc4 O-O 10. Ng5 Qc7 11. Bxf7+ Rxf7 12. Nxf7 Kxf7 13. g4 dxe5 
14. gxh5 exf4 15. hxg6+ hxg6 16. Bxf4 Bxc3+ 17. bxc3 Qxc3+ 18. Kf2 Nc6 
19. Qd3 Qf6 20. Rhf1 e5 21. Kg1 exf4 22. Qc4+ Be6 23. Qxf4 Qxf4 24. Rxf4+ Ke7 
25. Rb1 b5 26. a4 b4 27. Re1 Rd8 28. Rc4 Rd6 29. Rc5 Kd7 30. Re4 Nd4 
31. Kf2 Bf5 32. Rh4 Nxc2 33. Rh7+ Ke6 34. Rb7 Kf6 35. a5 Kg5 36. Rb6 Rd2+ 
37. Kg3 Rd3+ 38. Kf2 b3 39. Rxa6 Rd2+ 40. Kg3 Rd3+ 41. Kf2 Kf4 42. Rc4+ Nd4 
0-1

[Event "34th Chess Olympiad (men)"]
[Site "Istanbul"]
[Date "2000.11.05"]
[Round "8.16.1"]
[White "Stefansson, Hannes"]
[Black "Andersson, Ulf"]
[WhiteElo "2557"]
[BlackElo "2641"]
[WhiteCountry "ISL"]
[BlackCountry "SWE"]
[Result "1/2-1/2"]

1. e4 c5 2. Nf3 e6 3. d4 cxd4 4. Nxd4 Nc6 5. Nc3 a6 6. Nxc6 bxc6 7. Bd3 d5 
8. O-O Nf6 9. Qe2 Be7 10. Na4 O-O 11. c4 Bb7 12. Rd1 Qc7 13. Bg5 dxe4 
14. Bxe4 Rad8 15. Bc2 c5 16. Bh4 Bc6 17. Bg3 
1/2-1/2

[Event "34th Chess Olympiad (men)"]
[Site "Istanbul"]
[Date "2000.11.05"]
[Round "8.16.2"]
[White "Agrest, Evgenij"]
[Black "Olafsson, Helgi"]
[WhiteElo "2554"]
[BlackElo "2478"]
[WhiteCountry "SWE"]
[BlackCountry "ISL"]
[Result "1/2-1/2"]

1. Nf3 Nf6 2. c4 e6 3. Nc3 d5 4. d4 dxc4 5. e4 Bb4 6. Bg5 c5 7. Bxc4 cxd4 
8. Nxd4 Bxc3+ 9. bxc3 Qa5 10. Bxf6 Qxc3+ 11. Kf1 gxf6 12. Bb5+ Ke7 13. Rc1 Qa5 
14. e5 fxe5 15. Qh5 f6 16. a4 Qd8 17. Ne2 a6 18. Bc4 Nc6 19. Qh6 Rf8 
20. Qxh7+ Rf7 21. Qb1 Qd6 22. h4 Qb4 23. Qa2 Na5 24. Bd3 Bd7 25. Bg6 Rff8 
26. Rh3 Rac8 27. Rb1 Qc5 
1/2-1/2

[Event "34th Chess Olympiad (men)"]
[Site "Istanbul"]
[Date "2000.11.05"]
[Round "8.16.3"]
[White "Thorhallsson, Throstur"]
[Black "Akesson, Ralf"]
[WhiteElo "2454"]
[BlackElo "2486"]
[WhiteCountry "ISL"]
[BlackCountry "SWE"]
[Result "1-0"]

1. e4 g6 2. d4 Bg7 3. Nc3 d6 4. Be3 a6 5. Qd2 Nd7 6. O-O-O b5 7. f4 Ngf6 
8. a3 Bb7 9. e5 Ng4 10. Nf3 O-O 11. h4 h5 12. e6 fxe6 13. Ng5 Rf6 14. Nce4 Bd5 
15. Be2 Rf5 16. Ng3 Ndf6 17. Nxf5 gxf5 18. Bf3 Qd7 19. Rhe1 Ne4 20. Nxe4 Bxe4 
21. d5 Rf8 22. Bxe4 fxe4 23. Kb1 Rf5 24. dxe6 Qxe6 25. Bd4 Bh6 26. g3 c5 
27. Bg1 Bg7 28. Qa5 e3 29. Qxa6 c4 30. Qa7 Rc5 31. c3 Qe4+ 32. Ka1 b4 
33. Qb8+ Kh7 34. Qxb4 Rc7 35. Re2 Rb7 36. Qa4 Rb3 37. Rde1 Qd3 38. Qa5 d5 
39. Bxe3 Rxc3 40. Ka2 Nxe3 41. Rxe3 
1-0

[Event "34th Chess Olympiad (men)"]
[Site "Istanbul"]
[Date "2000.11.05"]
[Round "8.16.4"]
[White "Brynell, Stellan"]
[Black "Kristjansson, Stefan"]
[WhiteElo "2484"]
[BlackElo "2281"]
[WhiteCountry "SWE"]
[BlackCountry "ISL"]
[Result "0-1"]

1. e4 e6 2. d4 d5 3. Nd2 c5 4. Ngf3 cxd4 5. Nxd4 Nf6 6. exd5 Qxd5 7. Nb5 Na6 
8. c4 Qf5 9. Be2 Bd7 10. O-O Be7 11. Nb3 O-O 12. Bf3 Rad8 13. N3d4 Qe5 
14. Re1 Qb8 15. Qe2 Bb4 16. Rf1 e5 17. Nc2 Bf5 18. Nxb4 Nxb4 19. Bg5 Bd3 
20. Qd2 Bxf1 21. Qxb4 Bd3 22. Bxf6 gxf6 23. Bd5 Bf5 24. Re1 a6 25. Nc3 b6 
26. Qa4 Qc8 27. Qd1 b5 28. b3 bxc4 29. bxc4 Kg7 30. h3 Rd7 31. Qf3 Bg6 
32. h4 h5 33. Ne4 Qd8 34. Ng3 Kh6 35. Nf5+ Kh7 36. Be4 Rh8 37. Qe3 Kg8 
38. Qf3 Qc7 39. Rb1 Qxc4 40. Rb8+ Kh7 41. Rxh8+ Kxh8 42. Qa3 Kg8 43. Rxg8+ Kxg8 
0-1

[Event "34th Chess Olympiad (men)"]
[Site "Istanbul"]
[Date "2000.11.05"]
[Round "8.17.2"]
[White "Maherramzade, Javad"]
[Black "Giorgadze, Giorgi"]
[WhiteElo "2433"]
[BlackElo "2599"]
[WhiteCountry "AZE"]
[BlackCountry "GEO"]
[Result "0-1"]

1. d4 Nf6 2. Nf3 e6 3. c4 Bb4+ 4. Bd2 a5 5. g3 d5 6. Qc2 Nc6 7. a3 Be7 
8. Bg2 Ne4 9. O-O a4 10. e3 O-O 11. Nc3 Nxc3 12. Bxc3 b6 13. Rfd1 Bb7 
14. Rac1 dxc4 15. Ne5 Nxe5 16. Bxb7 Nd3 17. Bxa8 Qxa8 18. Rxd3 cxd3 
19. Qxd3 Qd5 20. Bd2 Qd7 21. Qa6 e5 22. Qb7 Bd6 23. Bc3 exd4 24. Bxd4 Qb5 
25. Qc6 Qxc6 26. Rxc6 Ra8 27. g4 f6 28. Kg2 Kf7 29. f4 Ke6 30. Kf3 Kd7 
31. Rc1 c5 32. Bc3 b5 33. Rd1 Ke6 34. Be1 b4 35. Bg3 Ke7 36. f5 Bxg3 
37. hxg3 Rd8 38. Rc1 Kd6 39. Ke4 Re8+ 40. Kd3 Rb8 41. Kc4 Kc6 42. g5 fxg5 
43. f6 bxa3 44. bxa3 gxf6 45. Rf1 Rf8 46. Rf5 h5 47. Rxc5+ Kd6 48. Kd4 Rh8 
49. Rb5 h4 50. Rb6+ Ke7 51. Rb7+ Ke6 52. Rb6+ Kf5 53. e4+ Kg4 54. gxh4 gxh4 
55. Rxf6 h3 56. Rf1 h2 57. Rh1 Kg3 58. Kc5 Kg2 59. Re1 h1=Q 60. Rxh1 Kxh1 
61. Kd4 
0-1

[Event "34th Chess Olympiad (men)"]
[Site "Istanbul"]
[Date "2000.11.05"]
[Round "8.17.3"]
[White "Sturua, Zurab"]
[Black "Mirzoev, Azer"]
[WhiteElo "2594"]
[BlackElo "2414"]
[WhiteCountry "GEO"]
[BlackCountry "AZE"]
[Result "1-0"]

1. c4 c6 2. Nf3 d5 3. e3 Nf6 4. Nc3 a6 5. b3 Bg4 6. Be2 e6 7. Bb2 Nbd7 
8. O-O Be7 9. h3 Bh5 10. d4 O-O 11. Rc1 Rc8 12. g4 Bg6 13. Nh4 b5 14. c5 Ne4 
15. Nxg6 hxg6 16. Kg2 f5 17. f3 Nxc3 18. Bxc3 Bh4 19. Bd3 Qc7 20. f4 g5 
21. Be1 Bxe1 22. Qxe1 fxg4 23. hxg4 Qd8 24. Rh1 Qe7 25. Bg6 Nf6 26. Qg3 gxf4 
27. Qh4 
1-0

[Event "34th Chess Olympiad (men)"]
[Site "Istanbul"]
[Date "2000.11.05"]
[Round "8.17.4"]
[White "Bagirov, Rufat"]
[Black "Gelashvili, Tamaz"]
[WhiteElo "2471"]
[BlackElo "2519"]
[WhiteCountry "AZE"]
[BlackCountry "GEO"]
[Result "1-0"]

1. d4 d6 2. c4 g6 3. Nc3 Bg7 4. e4 e5 5. d5 c5 6. dxc6 Nxc6 7. Nb5 Nd4 
8. Nxd4 exd4 9. Bd3 Ne7 10. Ne2 O-O 11. O-O a5 12. Bg5 h6 13. Bh4 g5 
14. Bg3 Ng6 15. Qd2 h5 16. f3 Be5 17. Bf2 Qf6 18. Bc2 d3 19. Bxd3 Bxb2 
20. Rab1 Be5 21. Be3 Nf4 22. g3 Nxd3 23. Qxd3 Qg6 24. f4 gxf4 25. Nxf4 Bxf4 
26. Rxf4 Re8 27. Bd4 Bd7 28. Rxb7 Bc6 29. Rbxf7 Qxf7 30. Rxf7 Kxf7 31. Qf3+ Ke7 
32. c5 Kd7 33. Qf5+ Re6 34. cxd6 Bxe4 35. Qf7+ Kxd6 36. Bc5+ Ke5 37. Qxh5+ Kf6 
38. Bd4+ Ke7 39. Qc5+ Kd7 40. Be5 Bc6 41. h4 Rd8 42. Bf4 Kc8 43. Qa7 Rd1+ 
44. Kf2 Kd8 45. Qxa5+ Kd7 46. Qf5 Rde1 47. Qd3+ Ke8 48. h5 R1e4 49. h6 Kf7 
50. Qd1 Ra4 51. Qh5+ Ke7 52. a3 Rc4 53. Qg5+ Kd7 54. Qf5 Rce4 55. g4 Re2+ 
56. Kg3 Rg2+ 57. Kh3 Be4 58. Qb5+ Ke7 59. h7 
1-0